Shell structures for architecture form finding and optimization (Record no. 9476)

000 -LEADER
fixed length control field 00346nam a2200133 4500
003 - CONTROL NUMBER IDENTIFIER
control field OSt
005 - DATE AND TIME OF LATEST TRANSACTION
control field 20210624170652.0
008 - FIXED-LENGTH DATA ELEMENTS--GENERAL INFORMATION
fixed length control field 210624b ||||| |||| 00| 0 eng d
020 ## - INTERNATIONAL STANDARD BOOK NUMBER
International Standard Book Number 9780415840606
082 ## - DEWEY DECIMAL CLASSIFICATION NUMBER
Classification number 624.177
245 ## - TITLE STATEMENT
Title Shell structures for architecture form finding and optimization
260 ## - PUBLICATION, DISTRIBUTION, ETC. (IMPRINT)
Place of publication, distribution, etc London
Name of publisher, distributor, etc Routledge
Date of publication, distribution, etc 2014
942 ## - ADDED ENTRY ELEMENTS (KOHA)
Source of classification or shelving scheme
Holdings
Withdrawn status Lost status Source of classification or shelving scheme Damaged status Koha normalized classification for sorting Not for loan Permanent location Current location Date acquired Total Checkouts Full call number Barcode Date last seen Date last borrowed Price effective from Koha item type
        624_177000000000000_SIG   BMS College of Architecture, Design and Planning BMS College of Architecture, Design and Planning 2021-06-24 1 624.177 SIG AR-UG2219 2025-09-04 2025-09-03 2021-06-24 UG Books
Copyright © 2025, The Librarian, Library and Information Centre, BMSCA D&P, Bengaluru. All Rights Reserved
web counter

Powered by Koha